000
00239nam a2200097Ia 4500
001
910005
005
20250826185652.0
008
250824s9999 xx 000 0 und d
245
0
_a
KARARTMA GECELERİ
_c
RIFAT ILGAZ
260
_b
ÇINAR YAYINLARI
999
_c
910005
_d
910005